Úloha zisku v cene ako kritéria efektívnosti výrobnohospodárskej činnosti kandidátska dizertačná práca

Salvato in:
Dettagli Bibliografici
Autore principale: Plesovszká, Mária
Ente Autore: Vysoká škola ekonomická v Bratislave. Národohospodárska fakulta
Altri autori: Pancák, Michal
Natura: Libro
Lingua:slovacco
Pubblicazione: Bratislava 1989
Tags: Aggiungi Tag
Nessun Tag, puoi essere il primo ad aggiungerne!!

MARC

LEADER 00000nam a2200000 4500
001 c032804
005 20221215071743.3
041 0 |a slo 
044 |a SK 
245 1 0 |a Úloha zisku v cene ako kritéria efektívnosti výrobnohospodárskej činnosti  |b kandidátska dizertačná práca  |c Mária Plesovszká ; Ved. práce Michal Pancák 
264 1 |a Bratislava  |c 1989 
300 |a 169 s. 
100 1 |a Plesovszká, Mária 
700 1 |a Pancák, Michal 
710 2 |a Vysoká škola ekonomická v Bratislave. Národohospodárska fakulta